000 00724nam a2200217 a 4500
001 000044091
005 20240412074303.0
008 140515s2014 dr a 000 p spa d
020 _a9789945166132
040 _aDO-SdBNP
_bspa
_cBNPHU
082 _aRD861.44
_bH557co
100 1 _aHernández Leonardo, Dionicio
_965483
245 1 0 _aColgado de un pensamiento /
_cDionicio Hernández Leonardo.
260 _aSanto Domingo :
_bBúho,
_c2014.
300 _a100 p. :
_bil. ;
_c24 cm.
500 _aIncluye datos biográficos del autor en la solapa de la cubierta
590 _aInventariado, 2018/LP
650 0 _aPoesía dominicana
_966
650 0 _aLiteratura dominicana.
_967
910 _aValidado. Control de calidad MFF
999 _c43580
_d43580